Formula 1 Drivers By Photo - Easy - Statistics

General Stats
  • This quiz has been taken 115 times
  • The average score is 12 of 14
Answer Stats
Picture Answer % Correct
Lewis Hamilton
99%
Max Verstappen
96%
Charles Leclerc
95%
Michael Schumacher
92%
Fernando Alonso
91%
Sebastian Vettel
91%
Carlos Sainz
89%
Sergio Perez
88%
Daniel Ricciardo
87%
Ayrton Senna
86%
Valtteri Bottas
86%
Kimi Raikkonen
76%
Niki Lauda
76%
Jenson Button
75%
No matching quizzes found
Score Distribution
Percent of People with Each Score
Percentile by Number Answered
Your Score History
You have not taken this quiz